000 00326nam a2200145Ia 4500
008 231129s2001||||xx |||||||||||||| ||spa||
020 _a9581104402
040 _bspa
082 _a333.72 E964
100 _aEl Exí²n encantado
245 0 _aLa Tierra es apaleada
260 _c2001
264 _aICFES
942 _2ddc
_cBKS
999 _c18324
_d18324